000 00455nam a2200157Ia 4500
005 20250424120230.0
008 250424s9999 xx 000 0 und d
022 _a15219615
050 _aQ 183.9 .C66/
245 0 _aComputing in science & engineering.
260 _bTurkish Airlines
260 _c2021
300 _a105 p. :ill. ; 29 cm.
650 _aScience--Data processing--Periodicals. Engineering--Data processing--Periodicals.
942 _cSR
999 _c38142
_d38142